| 000 | 01975nam a22003137a 4500 | ||
|---|---|---|---|
| 003 | EG-GICUC | ||
| 005 | 20260128135345.0 | ||
| 008 | 260128s2004 ua ||||fr|||| 00| 0 ara d | ||
| 040 |
_a EG-GICUC _bara _c EG-GICUC _d EG-GICUC _erda |
||
| 041 | _aara | ||
| 082 | 0 | 4 |
_221 _a343.3 _bم ح . ف |
| 092 | 0 | 4 | _221 |
| 099 | _aLaw1 10 343.3 2004 | ||
| 100 | 0 |
_aمحمود صالح العادلي _eمؤلف. |
|
| 245 |
_aفكرة الغير فى قانون الإجراءات الجنائية : _bدراسة تأصيلية مقارنة/ _cمحمود صالح العادلي |
||
| 264 |
_aالقاهرة : _bدار الفكر العربي , _c2004. |
||
| 300 |
_a305 صفحة; _c24 سم |
||
| 336 |
_2rda content _atext |
||
| 337 |
_2rda media _aComputer |
||
| 338 |
_2rda carrier _aOnline Resource |
||
| 504 | _aيتضمن قائمة المصادر والمراجع 257-279 | ||
| 505 | _aماهية الغير ومركزه القانوني في ضوء الحماية الجنائية للأعمال الإجرائية - الغير والنزاع في شخصية المحكوم عليه - الغير والاعتراض على تنفيذ الأحكام المالية بشأن الأموال المطلوب التنفيذ عليها - إلتزام الغير بحضور تفتيش ممكن المتهم - إلتزام الغير بتمكين السلطات المختصة بتفتيش منزله - إلتزام الغير بالتبليغ عن الجرائم - إلتزام الغير بعدم التأثير فى الخصومة . مسئولية رئيس الحزب عما ينشره الغير في صحيفة الحزب - موقف المحكمة الدستورية العليا من هذه المسئولية | ||
| 546 | _aالنص باللغة العربية | ||
| 650 | 1 | _aقانون جنائي | |
| 650 | 1 | _aقانون الإجراءات الجنائية | |
| 856 | 4 | 0 | _uhttps://fll.law.cu.edu.eg/fulltext/bks/B10-05694.pdf |
| 905 | _a44 | ||
| 942 |
_2ddc _cBK _e21 _n0 |
||
| 999 |
_c59940 _d59940 |
||